000
00235nam a2200085Ia 4500
245
0
_a
The last one is a rotten egg
100
_a
Gagliardi, Tina Edina, MN, 2009
_9
77280
942
_c
BK
008
210818s9999 xx 000 0 und d
999
_c
452578
_d
452577